000 00867nam a2200265Ia 4500
003 OSt
005 20221005085453.0
006 a|||||r|||| 00| 0
007 ta
008 221004b |||||||| |||| 00| 0 eng d
020 _a9780823280278 (pbk)
_cUKP 25.99
024 _a44898
037 _b8565, 08/02/2019, Efficient Book Distributors
_cTextual
040 _aCRL
_cCRL
_beng
041 _2eng
_aeng
082 _aSM9, Q8
100 _aBoynton Eric Ed.
_9614231
245 0 _aTrauma and transcedence
_b suffering and the limits of theory
260 _aNew York
_bFordham University press USA
_c2018
300 _a334p.
_ccm.
650 _aPSYCHOANALYSIS
700 _a Capretto Peter Ed.
_9614232
942 _hSM9, Q8
_cTEXL
_2cc
999 _c994274
_d994274